Poohliadnutie s výhľadom Rozhovor jubilejný

Bibliographic Details
Main Authors: Dvořáková, Helena, 1943- (Author), Lajčiak, Milan, 1926-1987 (Author)
Format: Article
Language:Slovak
Subjects:

MARC

LEADER 00000nab a2200000 a 4500
001 vtls000244463
003 SK-MaSNL
005 20260304000113.0
008 160215c1986 xo 0 slo
015 |a SNBRB19rr/mm-uuuuu 
035 |a CL0254577 
040 |a SNKBUCL  |b slo  |c SNKBUCL  |e AACR2 
041 0 |a slo 
044 |a xo  |c SK 
080 |a 82:929:885.4  |2 1981 
080 |a 929  |2 1981 
080 |a 885.4  |2 1981 
100 1 |a Dvořáková, Helena,  |d 1943-  |4 aut  |9 105433 
245 1 0 |a Poohliadnutie s výhľadom  |b Rozhovor jubilejný  |c Helena Dvořáková, Milan Lajčiak 
600 1 7 |a Lajčiak, Milan,  |d 1926-1987  |2 snkbucl  |9 108090 
655 7 |a články z novín a časopisov  |2 snkbucl  |9 267496 
655 7 |a články z odboru literárna veda a krásna literatúra  |2 snkbucl  |9 770045 
700 1 |a Lajčiak, Milan,  |d 1926-1987  |4 aut  |9 108090 
773 0 |t Nové slovo  |g Roč. 28, č. 16 (1986) 
850 |a Slovenská národná knižnica v Martine  |a MTA001 
852 |a SNK  |b KIS3GCP 
958 |a BX 
958 |a RK 
958 |a LX 
992 |a RBX 
999 |c 2529513  |d 2531443